| 000 | 00577nam a2200217Ia 4500 | ||
|---|---|---|---|
| 003 | OSt | ||
| 005 | 20250123150602.0 | ||
| 008 | 210210b1958 xxu||||| |||| 00| 0 eng d | ||
| 040 | _cAL | ||
| 041 | _aHindi | ||
| 082 | _a869/223 | ||
| 100 |
_aRANGEYA RAGHAV _dरांगेय राघव _9194957 |
||
| 245 |
_aDhuni ka dhuan _bधूनी का धुआँ |
||
| 260 |
_aAgra _bVinod Pustak Mandir _c1958 |
||
| 650 |
_aka _9194958 |
||
| 650 |
_aDhuni _9194959 |
||
| 650 |
_adhuan _9194960 |
||
| 690 |
_aHindi Fiction _9194961 |
||
| 906 | _a024021 | ||
| 942 |
_2ddc _cBK |
||
| 999 |
_c148985 _d148985 |
||